00365nam a22001337a 450000500170000000800410001704100130005808200130007110000120008424500300009626000480012630000320017465000250020620240805060027.0240805b |||||||| |||| 00| 0 eng d aEnglish  a349 SOU  lEnglish aSouth African Law Reports aJohannesburg: bDigma Publications, c1924  bxviii, 355 pages; c25 cm.  aLegal practice bLaw